000
00296nam a22001337a 4500
003
SGT
082
_a
616.01
_b
H11P
100
_a
PANDA, UN
245
_a
HB. OF MICROBIOLOGY AND PARASITOLOGY
260
_a
INDIA
_b
AITBS PUB.
_c
2011
300
_a
178
650
_a
MICROBIOLOGY
942
_2
ddc
_c
BK
999
_c
13647
_d
13647